| 000 | 00457nam a22001697a 4500 | ||
|---|---|---|---|
| 999 |
_c4908 _d4908 |
||
| 003 | GBCCL | ||
| 005 | 20241126110529.0 | ||
| 008 | 180215b ||||| |||| 00| 0 eng d | ||
| 040 | _cgbc | ||
| 082 |
_a231.3 _bRAD |
||
| 100 |
_aRadmacher, Earl D. _98926 |
||
| 245 |
_aWhat to Expect from the Holy Spirit / _cEarl D. Radmacher |
||
| 260 |
_bRadio Bible Class, _aMichigan: _c1983 |
||
| 300 |
_a64 p.; _c19 cm. |
||
| 650 |
_aHoly Spirit _9225 |
||
| 942 |
_2ddc _cBK _03 |
||